Loading...
Padhangal padhanangal
| Main Author: | |
|---|---|
| Format: | Printed Book |
| Published: |
1990
|
| LEADER | 003410000a22001090004500 | ||
|---|---|---|---|
| 040 | |a MAL | ||
| 082 | |a A1 009 N0 | ||
| 100 | |a Sachidanandan, K | ||
| 245 | |a Padhangal padhanangal | ||
| 260 | |c 1990 | ||
| 999 | |c 20730 |d 20730 | ||
| 952 | |0 0 |1 0 |4 0 |6 A_1_009000000000000_N0 |7 0 |8 MAL |9 20545 |a MGUL |b MGUL |d 2013-07-16 |l 3 |o A1 009 N0 |p 14445 |r 2019-03-29 |s 2019-02-22 |w 2013-07-16 |y BK | ||